Glauser International SA v Khan t/a Khan Design Consultants (Record no. 102262)

MARC details
000 -LEADER
fixed length control field 01298cam a2200229 4500
001 - CONTROL NUMBER
control field ABS65710
008 - FIXED-LENGTH DATA ELEMENTS--GENERAL INFORMATION
fixed length control field 020626n2002 000 0 eng u
035 ## - SYSTEM CONTROL NUMBER
System control number (Sirsi) u119146
245 ## - TITLE STATEMENT
Title Glauser International SA v Khan t/a Khan Design Consultants
260 ## - PUBLICATION, DISTRIBUTION, ETC.
Date of publication, distribution, etc. 2002
490 ## - SERIES STATEMENT
Series statement Building Law Reports
Volume/sequential designation [2002] 5 BLR 224-335(12)
520 ## - SUMMARY, ETC.
Summary, etc. CA 25 March 2002. G appealed against earlier rulings to strike out two claims for damages for defective work and delays on the grounds of procedural non-compliance. "Held" the appeals were allowed on the grounds that the striking out of the first claim without giving a short extension of time was wholly disproportionate and wrong as it was not one to strike out with the intention of precluding a second claim. Full copy of judgement available on the Court Service website http://www.courtservice.gov.uk/View.do?id=1116&searchTerm=Glauser&ascending=false&index=0&maxIndex=0.
590 ## - LOCAL NOTE (RLIN)
Local note ABS
650 ## - SUBJECT ADDED ENTRY--TOPICAL TERM
Topical term or geographic name entry element CIVIL PROCEDURE RULES
650 ## - SUBJECT ADDED ENTRY--TOPICAL TERM
Topical term or geographic name entry element GLAUSER INTERNATIONAL V KHAN DESIGN CONSULTANTS
650 ## - SUBJECT ADDED ENTRY--TOPICAL TERM
Topical term or geographic name entry element LITIGATION
650 ## - SUBJECT ADDED ENTRY--TOPICAL TERM
Topical term or geographic name entry element PROCEDURE
650 ## - SUBJECT ADDED ENTRY--TOPICAL TERM
Topical term or geographic name entry element STRIKING OUT
690 ## - LOCAL SUBJECT ADDED ENTRY--TOPICAL TERM (OCLC, RLIN)
Topical term or geographic name as entry element Dispute resolution
9 (RLIN) 6236
856 ## - ELECTRONIC LOCATION AND ACCESS
Uniform Resource Identifier <a href="https://www.courtservice.gov.uk/View.do?id=1116&searchTerm=Glauser&ascending=false&index=0&maxIndex=0">https://www.courtservice.gov.uk/View.do?id=1116&searchTerm=Glauser&ascending=false&index=0&maxIndex=0</a>
942 ## - ADDED ENTRY ELEMENTS (KOHA)
Suppress in OPAC 0
Holdings
Withdrawn status Lost status Source of classification or shelving scheme Damaged status Not for loan Home library Current library Shelving location Date acquired Total Checkouts Full call number Barcode Date last seen Copy number Price effective from Koha item type
    Dewey Decimal Classification     London London Journal article 05/08/2002   ABS65710 119146-1001 06/08/2019 1 06/08/2019 Law report